Cancionero escolar / (Registro nro. 15368)
[ vista simple ]
| 000 -LEADER | |
|---|---|
| fixed length control field | 00910nam a22002297a 4500 |
| 003 - CONTROL NUMBER IDENTIFIER | |
| control field | OSt |
| 005 - DATE AND TIME OF LATEST TRANSACTION | |
| control field | 20210314164320.0 |
| 008 - FIXED-LENGTH DATA ELEMENTS--GENERAL INFORMATION | |
| fixed length control field | 210314s2013 ck a gr 0 spa d |
| 040 ## - CATALOGING SOURCE | |
| Original cataloging agency | CO-JMCR |
| Transcribing agency | CO-JMCR |
| 041 0# - LANGUAGE CODE | |
| Language code of text/sound track or separate title | spa |
| 082 ## - DEWEY DECIMAL CLASSIFICATION NUMBER | |
| Classification number | 782.42083 / |
| Item number | B582c |
| Edition number | 21 |
| 110 2# - MAIN ENTRY--CORPORATE NAME | |
| Corporate name or jurisdiction name as entry element | Biblioteca Aldeana de Colombia |
| 9 (RLIN) | 36060 |
| 245 10 - TITLE STATEMENT | |
| Title | Cancionero escolar / |
| Statement of responsibility, etc. | Biblioteca Aldeana de Colombia |
| 260 ## - PUBLICATION, DISTRIBUTION, ETC. | |
| Place of publication, distribution, etc. | Bogotá : |
| Name of publisher, distributor, etc. | Banco de la República, |
| Date of publication, distribution, etc. | 2013 |
| 300 ## - PHYSICAL DESCRIPTION | |
| Extent | viii, 102 páginas : |
| Other physical details | música ; |
| Dimensions | 16 x 22 cm + |
| Accompanying material | 1 CD |
| 490 0# - SERIES STATEMENT | |
| Series statement | Serie técnica ; |
| Volume/sequential designation | no. 11 |
| 500 ## - GENERAL NOTE | |
| General note | Edición facsimilar |
| 505 0# - FORMATTED CONTENTS NOTE | |
| Formatted contents note | En CD: 1. El carpintero -- 2. El turpialito -- 3. ¿Qué haces tú? -- 4. Nana -- 5. Pico mandorico -- 6. El niño y la mariposa -- 7. Ejercicio -- 8. Sube y baja -- 9. La pastora -- 10. No le daba el sol |
| 650 14 - SUBJECT ADDED ENTRY--TOPICAL TERM | |
| Topical term or geographic name entry element | Canciones escolares |
| 9 (RLIN) | 36061 |
| 650 24 - SUBJECT ADDED ENTRY--TOPICAL TERM | |
| Topical term or geographic name entry element | Canciones infantiles |
| 9 (RLIN) | 36062 |
| 942 ## - ADDED ENTRY ELEMENTS (KOHA) | |
| Source of classification or shelving scheme | Dewey Decimal Classification |
| Koha item type | Books |
| Withdrawn status | Lost status | Source of classification or shelving scheme | Damaged status | Not for loan | Home library | Current library | Date acquired | Source of acquisition | Total Checkouts | Full call number | Barcode | Date last seen | Date last checked out | Copy number | Price effective from | Koha item type | Shelving location |
|---|---|---|---|---|---|---|---|---|---|---|---|---|---|---|---|---|---|
| Dewey Decimal Classification | Biblioteca Pública José María del Castillo y Rada | Biblioteca Pública José María del Castillo y Rada | 03/14/2021 | Donación | 2 | 782.42083 / B582c | 201810728 | 07/30/2024 | 07/30/2024 | Ej.1 | 03/14/2021 | Books | |||||
| Dewey Decimal Classification | Biblioteca Pública José María del Castillo y Rada | Biblioteca Pública José María del Castillo y Rada | 03/14/2021 | Donación | 782.42083 / B582c | 201810727 | 03/14/2021 | Ej.1 / CD | 03/14/2021 | Books | Audio Visual |